Texto integrado 3 : (Registro nro. 10145)

Detalles MARC
000 -LIDER
fixed length control field 00833nam a22002417a 4500
001 - NÚMERO DE CONTROL
Identificador de número de control 00003512
003 - IDENTIFICACDOR DE NÚMERO DE CONTROL
control field DO-SdBNP
005 - DATE AND TIME OF LATEST TRANSACTION
control field 20180309100351.0
007 - CAMPOS FIJOS DE DESCRIPCIÓN FÍSICA
fixed length control field 00003512
008 - ELEMENTOS DE LONGITUD FIJA
fixed length control field 160513b 2010 dr ||||| |||| 00| 0 spa d
020 ## - ISBN
International Standard Book Number 9789993443308
040 ## - FUENTE DE CATALOGACIÓN
Agencia que crea de manera original el registro BPMSU
Idioma de catalogación spa
Agencia que realiza la transcripción BPMSU
245 10 - MENCIÓN DE TITULO
Título Texto integrado 3 :
Subtítulo tercer grado /
Mención de responsabilidad Miguel Ángel Cárdenas Sánchez... [et al.] ; ilustración Victor Eduardo Sandoval...[et al].
260 ## - PUBLICACIÓN, DISTRIBUCIÓN, ETC. (PIE DE IMPRENTA)
Lugar de publicación, distribución, etc Santo Domingo :
Nombre del editor, distribuidor, etc. Ministerio de Educación,
Fecha de publicación, distribución, etc 2010.
300 ## - DESCRIPCIÓN FÍSICA
Extensión v. :
Otros detalles físicos il. ;
Dimensiones 28 cm.
501 ## - NOTA DE PUBLICADO O ENCUADERNADO
With note La biblioteca posee el v. 3
504 ## - NOTA DE BIBLIOGRAFÍA, ETC.
Bibliography, etc Bibliografía : p. 259
700 1# - ASIENTO SECUNDARIO -- NOMBRE PERSONAL
Nombre personal Cárdenas Sánchez, Miguel Ángel
700 12 - ASIENTO SECUNDARIO -- NOMBRE PERSONAL
Nombre personal Sandoval, Victor Eduardo,
Mención de responsabilidad il.
942 ## - ADDED ENTRY ELEMENTS (KOHA)
Source of classification or shelving scheme Dewey Decimal Classification
Koha item type Libros
945 ## - INFORMACIÓN DE PROCESAMIENTO LOCAL
Información de procesamiento local Remanejado para la BNPHU / 2018 VM
956 ## - LOCAL ELECTRONIC LOCATION AND ACCESS (OCLC)
Nombre de host LOPEREZ
Número de acceso 10
Información de compresión 20160513
Procesador de solicitud BPMSU
Trayectoria 0041
Existencias
Withdrawn status Lost status Source of classification or shelving scheme Damaged status Not for loan Collection code Home library Current library Date acquired Source of acquisition Total Checkouts Barcode Date last seen Copy number Price effective from Koha item type
    Dewey Decimal Classification     Colección Escolar Biblioteca Pública Metropolitana Salomé Ureña Biblioteca Pública Metropolitana Salomé Ureña 05/13/2016 Donación   BPMSU16050344 05/13/2016 e. 1 05/13/2016 Libros